000 00804nam a2200289Ia 4500
001 19966
003 IT-RoPAU
008 130308s9999 xx 000 0 und d
040 _aIT-RoPAU
040 _cIT-RoPAU
041 _aITALIANO
100 _aOlivera Manuel
100 _gCodice Aut. SPICS: 4804
245 _aPiccoli mezzi di comunicazione (I)
245 _bMass Media e Famiglia-Atti del congresso internazionale (Milano, 25-29 Giugno 1981)
250 _a1a ed.
260 _aMILANO
260 _bCisf
260 _c1982 [1° Ed.:1982 - Ed.Ling.Originale:1981]
300 _a"2 p. (prefazione: no ; testo: 2 [pagine: 61-62])"
650 _aSAGGI DI COMUNICAZIONE SOCIALE
650 _eCodice materia Spics: 3807
942 _cBK
957 _71
999 _c45304
_d45304
999 _bSI
999 _g1